ბათუმის შოთა რუსთაველის სახელმწიფო უნივერსიტეტის ბიბლიოთეკა

თხზულებანი.ი. გოგებაშვილის ბიბლიოგრაფია. ტ. 10 (ბიბ.ჩანაწერი № 50193)

000 -LEADER
fixed length control field 00764nam a2200205Ia 4500
001 - CONTROL NUMBER
control field 17131
003 - CONTROL NUMBER IDENTIFIER
control field GE_BSU
008 - FIXED-LENGTH DATA ELEMENTS--GENERAL INFORMATION
fixed length control field 181216s||||||||xx |||||||||||||| ||und||
040 ## - CATALOGING SOURCE
Transcribing agency GE_BSU
080 ## - UNIVERSAL DECIMAL CLASSIFICATION NUMBER
Universal Decimal Classification number 016:37.01(479.22) + 012გოგებაშვილი, ი.
100 ## - MAIN ENTRY--PERSONAL NAME
Personal name გოგებაშვილი, იაკობ (1840-1912)
245 ## - TITLE STATEMENT
Title თხზულებანი.ი. გოგებაშვილის ბიბლიოგრაფია. ტ. 10
245 ## - TITLE STATEMENT
Statement of responsibility, etc. რედ.ვ.ქაჯაია
260 ## - PUBLICATION, DISTRIBUTION, ETC.
Place of publication, distribution, etc. თბილისი
260 ## - PUBLICATION, DISTRIBUTION, ETC.
Name of publisher, distributor, etc. განათლება
260 ## - PUBLICATION, DISTRIBUTION, ETC.
Date of publication, distribution, etc. 1965
300 ## - PHYSICAL DESCRIPTION
Extent 393 გვ.22სმ.
653 ## - INDEX TERM--UNCONTROLLED
Uncontrolled term ი. გოგებაშვილის ბიბლიოგრაფია
942 ## - ADDED ENTRY ELEMENTS (KOHA)
Koha item type წიგნი
ეგზემპლარები
Withdrawn status Lost status Damaged status Not for loan Date acquired Barcode Date last seen Price effective from Koha item type
        2018-12-17 21736 2018-12-17 2018-12-17 წიგნი
        2018-12-17 21737 2018-12-17 2018-12-17 წიგნი